| 000 | 01757cam a22004097a 4500 | ||
|---|---|---|---|
| 003 | CHAP | ||
| 005 | 20220329141514.0 | ||
| 008 | 971013s1988 r 00010 d | ||
| 010 | _a69249 | ||
| 011 | _a70221 | ||
| 035 | _a79702 | ||
| 040 | _cCHAP | ||
| 082 |
_a630.720861 _bI5 |
||
| 110 |
_aInstituto Colombiano Agropecuario. Tibaitatá _959089 |
||
| 245 | 0 |
_aICA - 25 años de investigación agropecuaria 1962-1987 _b: Bibliografía |
|
| 260 |
_aTibaitatá : _bEl Instituto, _c1988 |
||
| 300 | _a4 v. | ||
| 590 |
_aBATCH-UPD _b10 _c20130110 _lUCH01 _h0025 |
||
| 590 |
_aBATCH-UPD _b10 _c20130110 _lUCH01 _h0648 |
||
| 590 |
_aBATCH-UPD _b10 _c20130409 _lUCH01 _h2006 |
||
| 590 |
_aBATCH-UPD _b10 _c20130410 _lUCH01 _h0333 |
||
| 590 |
_aBATCH-UPD _b10 _c20130913 _lUCH01 _h2057 |
||
| 590 |
_aCONVERSION _b10 _c20130109 _lUCH01 _h1338 |
||
| 650 | 1 | 4 |
_aAgricultura _xInvestigación _xBibliografía. _91588 |
| 650 | 1 | 4 |
_aAgricultura _xInvestigación _xColombia. _91603 |
| 650 | 1 | 4 |
_aColombia _xAgricultura _xInvestigación. _925356 |
| 901 | _aBK | ||
| 942 | _cLIBRO | ||
| 949 |
_a630.720861 I5 _bBC _cLIBRO _d33724000044772 _eLIBRO _fv.1 _h76232 _i79702 _mD _si |
||
| 949 |
_a630.720861 I5 _bBC _cLIBRO _d33724000044780 _eLIBRO _fv.1 c.2 _h76793 _i79702 _si |
||
| 949 |
_a630.720861 I5 _bBC _cLIBRO _d33724000044798 _eLIBRO _fv.2 _h76233 _i79702 _si |
||
| 949 |
_a630.720861 I5 _bBC _cLIBRO _d33724000044806 _eLIBRO _fv.2 c.2 _h76794 _i79702 _si |
||
| 949 |
_a630.720861 I5 _bBC _cLIBRO _d33724000044814 _eLIBRO _fv.3 _h76234 _i79702 _si |
||
| 949 |
_a630.720861 I5 _bBC _cLIBRO _d33724000044822 _eLIBRO _fv.3 c.2 _h76795 _i79702 _si |
||
| 949 |
_a630.720861 I5 _bBC _cLIBRO _d33724000044830 _eLIBRO _fv.4 _h76235 _i79702 _si |
||
| 949 |
_a630.720861 I5 _bBC _cLIBRO _d33724000044848 _eLIBRO _fv.4 c.2 _h76796 _i79702 _si |
||
| 999 |
_c69249 _d69249 |
||